Technical communication : (Record no. 17495)
[ view plain ]
| 000 -LEADER | |
|---|---|
| fixed length control field | 00950nam a2200277 a 4500 |
| 001 - CONTROL NUMBER | |
| control field | 17495 |
| 003 - CONTROL NUMBER IDENTIFIER | |
| rucl marc code | BD-RjUL |
| 005 - DATE AND TIME OF LATEST TRANSACTION | |
| control field | 20211209000142.0 |
| 008 - FIXED-LENGTH DATA ELEMENTS--GENERAL INFORMATION | |
| fixed length control field | 140217s2004 ii a 001 0 eng d |
| 020 ## - INTERNATIONAL STANDARD BOOK NUMBER | |
| International Standard Book Number | 0195668049 |
| 035 ## - SYSTEM CONTROL NUMBER | |
| System control number | (BD-RjUL)17553 |
| 040 ## - CATALOGING SOURCE | |
| Original cataloging agency | VA@ |
| Transcribing agency | VA@ |
| Modifying agency | DLC |
| -- | BD-RjUL |
| Language of cataloging | eng |
| 041 ## - LANGUAGE CODE | |
| Language code of text/sound track or separate title | eng |
| 082 00 - DEWEY DECIMAL CLASSIFICATION NUMBER | |
| Classification number | 307.2014 |
| Edition number | 22 |
| Author mark and year | RAT 2004 |
| 100 1# - MAIN ENTRY--PERSONAL NAME | |
| Personal name | Raman, Meenakshi. |
| 9 (RLIN) | 53923 |
| 245 10 - TITLE STATEMENT | |
| Title | Technical communication : |
| Remainder of title | principles and practice / |
| Statement of responsibility, etc. | Meenakshi Raman, Sangeeta Sharma. |
| 260 ## - PUBLICATION, DISTRIBUTION, ETC. (IMPRINT) | |
| Place of publication, distribution, etc. | New Delhi ; |
| -- | New York : |
| Name of publisher, distributor, etc. | Oxford University Press, |
| Date of publication, distribution, etc. | c2004. |
| 300 ## - PHYSICAL DESCRIPTION | |
| Pagination | viii, 599 p. : |
| Illustrations | ill. ; |
| Size | 24 cm. |
| 504 ## - BIBLIOGRAPHY, ETC. NOTE | |
| Bibliography, etc | Includes index. |
| 650 #0 - SUBJECT ADDED ENTRY--TOPICAL TERM | |
| Topical term or geographic name as entry element | Communication of technical information |
| Form subdivision | Textbooks. |
| 9 (RLIN) | 53924 |
| Topical term or geographic name as entry element | Technical writing |
| Geographic subdivision | India. |
| 9 (RLIN) | 53925 |
| 700 1# - ADDED ENTRY--PERSONAL NAME | |
| Personal name | Sharma, Sangeeta, |
| 856 41 - ELECTRONIC LOCATION AND ACCESS | |
| Materials specified | Table of contents |
| Uniform Resource Identifier | <a href="http://www.loc.gov/catdir/toc/fy054/2005297784.html">http://www.loc.gov/catdir/toc/fy054/2005297784.html</a> |
| 942 ## - ADDED ENTRY ELEMENTS (KOHA) | |
| Source of classification or shelving scheme | Dewey Decimal Classification |
| Koha item type | Books |
| Lost status | Source of classification or shelving scheme | Damaged status | Not for loan | Collection code | Permanent Location | Current Location | Shelving location | Date acquired | Source of acquisition | Cost, normal purchase price | Total Checkouts | Full call number | Date last seen | Copy number | Koha item type | Date checked out |
|---|---|---|---|---|---|---|---|---|---|---|---|---|---|---|---|---|
| Dewey Decimal Classification | Non-fiction | Central Library, University of Rajshahi | Central Library, University of Rajshahi | 30/04/2008 | Dhaka, Paragon ent. Ltd. | 225.00 | 302.2014 RAT 2004 | 17/02/2014 | C-3 | Books | ||||||
| Dewey Decimal Classification | Non-fiction | Central Library, University of Rajshahi | Central Library, University of Rajshahi | 20/09/2010 | Paragon Enterprise, Dhaka. | 265.00 | 1 | 302.2014 RAT 2008 | 15/12/2015 | C-4 | Books | 26/11/2015 | ||||
| Dewey Decimal Classification | Non-fiction | Central Library, University of Rajshahi | Central Library, University of Rajshahi | 18/08/2007 | Paragon Enterprises Dhaka | 225.00 | 1 | 302.2014 RAT 2004 | 28/11/2018 | C-2 | Books | 05/11/2018 | ||||
| Dewey Decimal Classification | Not For Loan | Non-fiction | Central Library, University of Rajshahi | Central Library, University of Rajshahi | Reading Room | 18/08/2007 | Paragon Enterprises Dhaka | 225.00 | 302.2014 RAT 2004 | 17/12/2016 | C-1 | Books |